| 000 | 00502cam a2200193ua 4500 | ||
|---|---|---|---|
| 001 | 2616 | ||
| 008 | 110829n ii |||gr||||Z||||||asm | ||
| 040 | _cMAIN | ||
| 082 | _a491.451 | ||
| 100 | 1 |
_aKataki, Sarbeswar, _eAuthor. |
|
| 245 | 1 | 1 |
_aAsamiya prachin lipi _cby Sarbeswar kataki |
| 250 | _a3rd. | ||
| 260 |
_aDibrugarh: _bMAINsecretary assam sahitya sabha, _c2003. |
||
| 300 |
_a40p: _c23cm. |
||
| 653 | _aLanguage | ||
| 653 | _aAssamese Language | ||
| 653 | _aAsamiya prachin lipi | ||
| 942 | _cBK | ||
| 999 |
_c2467 _d2467 |
||